International Petroleum Encyclopedia : (Record no. 12052)
[ view plain ]
| 000 -LEADER | |
|---|---|
| fixed length control field | 01054cam a22002535a 4500 |
| 001 - CONTROL NUMBER | |
| control field | 13840445 |
| 005 - DATE AND TIME OF LATEST TRANSACTION | |
| control field | 20060105133436.0 |
| 008 - FIXED-LENGTH DATA ELEMENTS--GENERAL INFORMATION | |
| fixed length control field | 050112s2004 okua 000 0 eng |
| 010 ## - LIBRARY OF CONGRESS CONTROL NUMBER | |
| LC control number | 2005295063 |
| 020 ## - INTERNATIONAL STANDARD BOOK NUMBER | |
| International Standard Book Number | 9781593701642 |
| 040 ## - CATALOGING SOURCE | |
| Original cataloging agency | DLC |
| Transcribing agency | DLC |
| 082 ## - DEWEY DECIMAL CLASSIFICATION NUMBER | |
| Edition number | 22 |
| Classification number | 333.8232 |
| Item number | PET |
| 245 00 - TITLE STATEMENT | |
| Title | International Petroleum Encyclopedia : |
| Remainder of title | 2008/ |
| Statement of responsibility, etc | Editor Joseph Hilyard |
| 246 31 - VARYING FORM OF TITLE | |
| Title proper/short title | Petroleum encyclopedia. |
| 260 ## - PUBLICATION, DISTRIBUTION, ETC. (IMPRINT) | |
| Place of publication, distribution, etc | Tulsa, Oklahoma : |
| Name of publisher, distributor, etc | Pennwell Corporation, |
| Date of publication, distribution, etc | c2008 |
| 300 ## - PHYSICAL DESCRIPTION | |
| Extent | 483p. : |
| Other physical details | col. ill., maps ; |
| Dimensions | 29 cm. |
| 504 ## - BIBLIOGRAPHY, ETC. NOTE | |
| Bibliography, etc | Includes index. |
| 650 #0 - SUBJECT ADDED ENTRY--TOPICAL TERM | |
| Topical term or geographic name as entry element | Petroleum industry and trade. |
| 9 (RLIN) | 7010 |
| 650 #0 - SUBJECT ADDED ENTRY--TOPICAL TERM | |
| Topical term or geographic name as entry element | Petroleum industry and trade |
| Form subdivision | Directories. |
| 9 (RLIN) | 7011 |
| 700 1# - ADDED ENTRY--PERSONAL NAME | |
| Personal name | Busby, Rebecca L. |
| 9 (RLIN) | 7012 |
| 942 ## - ADDED ENTRY ELEMENTS (KOHA) | |
| Source of classification or shelving scheme | Dewey Decimal Classification |
| Item type | Reference (NB) |
| Withdrawn status | Item status | Source of classification or shelving scheme | Damaged status | Not for loan | Vendor | Home library | Current library | Shelving location | Date acquired | Source of acquisition | Cost, normal purchase price | Serial Enumeration / chronology | Total Checkouts | Full call number | Barcode | Date last seen | Koha item type |
|---|---|---|---|---|---|---|---|---|---|---|---|---|---|---|---|---|---|
| Dewey Decimal Classification | Central Library | Central Library | Ground Floor | 25/06/2009 | 1375.00 | 955 | 333.8232 PET | 000017068 | 15/07/2025 | Reference (NB) |